| 000 | 00698nam a22002297a 4500 | ||
|---|---|---|---|
| 005 | 20170124110044.0 | ||
| 010 | _aA-482092 | ||
| 020 | _c00.00 | ||
| 035 | _aA-482092 | ||
| 037 | _bCen Lib/Ret | ||
| 040 |
_aDPL _bEN |
||
| 082 |
_a881.08 _bCRI |
||
| 245 |
_aCritics on matthew arnold / _cedited by Jacqueline E. M. Latham |
||
| 260 |
_aNew Delhi _bUniversal book stall _c1993 |
||
| 270 |
_bNew Delhi _a5 Ansari road _e110002 |
||
| 300 |
_avii,119p. _c21cm(Hb) |
||
| 500 | _aIncludes bibliographical references | ||
| 650 |
_aLiterature _96262 |
||
| 650 |
_aCritical literature _9102201 |
||
| 700 |
_aLAthan, Jacqueline E.M. _9102202 |
||
| 942 |
_2ddc _cEN _h881.08 _mCRI |
||
| 999 |
_c128694 _d128694 |
||